000 00568nam a2200229Ia 4500
003 OSt
005 20221005124450.0
006 a|||||r|||| 00| 0
007 ta
008 221004b |||||||| |||| 00| 0 eng d
024 _a57144
037 _cTextual
040 _aCRL
_cCRL
_beng
041 _2eng
_aeng
082 _aV2:1:N3, H21
100 _aShridharani Krishnalal
_9129268
245 0 _aMy India, my west
260 _c1942
650 _aHISTORY
942 _hV2:1:N3, H21
_cTEXL
_2cc
999 _c1050569
_d1050569